Statistics for Headquarters of Districts of Nepal (Province No. 3)

Click here to take the quiz!

General Stats

  • This quiz has been taken 38 times
  • The average score is 10 of 13

Answer Stats

DistrictAnswer% Correct
BhaktapurBhaktapur
100%
ChitwanBharatpur
100%
KathmanduKathmandu
100%
MakwanpurHetauda
91%
LalitpurLalitpur
91%
KavrepalanchokDhulikhel
82%
RamechhapManthali
82%
NuwakotBidur
73%
SindhupalchokChautara
73%
RasuwaDhunche
73%
DolakhaBhimeshwar
55%
SindhuliKamalamai
55%
DhadingNikantha
36%

Score Distribution

Percentile by Number Answered

Percent of People with Each Score

Your Score History

You have not taken this quiz